| 000 | 00814cab a22002295a 4500 | ||
|---|---|---|---|
| 001 | L159980 | ||
| 008 | 150113e2016 xxk 000 0 eng d | ||
| 035 | _a(Sirsi) u159980 | ||
| 041 | 0 | _aeng | |
| 050 | _a306.026 $2 18 | ||
| 050 | _a711.026 $2 18 | ||
| 100 | 1 | _aDixon, Julia | |
| 245 | 0 | 0 |
_aChange on the way _h[electronic resource] |
| 260 |
_aLondon _bRICS _c2016 |
||
| 490 |
_aRICS Building Surveying Journal _vOctober 2016 - November 2016, 16(1) |
||
| 520 | _aDescribes the key changes set out in the Housing and Planning Act 2016. | ||
| 650 | 2 | 4 | _aHOUSING AND PLANNING ACT 2016 |
| 650 | 2 | 4 | _aHOUSING LAW |
| 690 |
_aPlanning and development _96259 |
||
| 856 | 4 | 0 |
_uhttps://www.rics.org/Global/BSJ-BCJ%20Oct%20Nov%202016%20Interactive.pdf _zView the article free of charge at www.rics.org... |
| 942 | _n0 | ||
| 999 |
_c85099 _d85099 |
||